000 00633nam a22001817a 4500
999 _c2101
_d2101
008 160429b xxu||||| |||| 00| 0 eng d
020 _a9712705994
082 _22003
_aDFil 899.211
_bP53
245 _aPhilippine literature:
_ba history and anthology/
_cedited by Bienvenido Lumbera and Cynthia Nograles Lumbera.
250 _aEnglish Edition.
260 _aPasig City:
_bAnvil Publishing, Inc.,
_cc2003.
300 _a456 pages;
_c25 cm.
650 0 _96796
_aPhilippine literature
700 _96797
_aLumbera Bienvenido
_eeditor.
700 _96798
_aLumbera, Cynthia Nograles
_eeditor.
365 _b935.00
_cPhp
942 _2ddc
_cDFIL